000 01110nmm a2200325 a 4500
001 ocm000882899
003 TR-IsHL
005 20201028143232.0
008 140118s2002 tu tur
007 cr cn
020 _a9789758683017
035 _a882899
_b(N$T)
050 0 4 _aDR576
_b.A77 2002
090 0 4 _aDR576
_b.A77 2002
100 1 _aArslan
245 1 0 _aModern Türkiye
_h[electronic resource] /
_cArslan ; çeviren Fatma Arıkan
260 _aİstanbul :
_bTÜSTAV,
_c2002
300 _a85 p.
650 4 _aPolitika ve Uluslararası İlişkiler
650 4 _aPolitics and International Relations
650 0 _aTürkiye
_x Politika ve idare
650 0 _aTurkey
_x Politics and government
650 0 _aKomünizm
_x Türkiye
_x Tarih
650 0 _aCommunism
_x Turkey
_x History
650 0 _aKurtuluş Savaşı
650 0 _aTurkey
_x History
_x Revolution, 1918-1923
650 7 _aHISTORY / Middle East / Turkey & Ottoman Empire
_2bisacsh
700 1 _aArıkan, Fatma
856 4 0 _uhttp://search.ebscohost.com/login.aspx?direct=true&scope=site&db=e011xww&AN=882899
999 _c8788
_d8788